000 00447nam a22001697a 4500
005 20251108174650.0
008 250721s9999 xx 000 0 eng d
082 1 4 _aJ/F/ABB
100 1 _aabbasi, mahmoud
245 1 0 _aRicky and Rico /
264 1 _aحيفا :
_bمكتبة كل شئ,
650 1 7 _aFICTION
650 1 7 _aCHILDREN
653 _aاطفال مرحله متوسطه ( 6 - 9 سنوات )
942 _2ddc
_cBK
999 _c114855
_d114855